00671nam a2200193Ia 4500952014300000999001700143003000400160005001700164008004100181020001800222040000900240082002200249100003200271245004400303260005800347300000900405650001300414942005000427 00102ddc40708SSaMESbMEScMALd2019-02-20g60.00l3o894.812301 MAN/Tp31680r2024-02-23 15:47:06s2024-02-14w2019-02-20yBKzGR30R2 c29010d29010OSt20210101104516.0190216s9999||||xx |||||||||||||| ||und|| a9788182643475 coclc a894.812301bMAN/T aMangad, Ambikasuthan 96922 0aTheyyam Kathakal /cAmbikasuthan Mangad bMathrubhumi Printing & Publishing,aKozhikode:c2007. a156p aKathakal cBK2ddch894.812301iMAN/Tk894.812301mMAN/T